00623 2200217 4500001002100000005001500021035002000036245010300056100001900159250000600178300003500184700001700219260003600236082000800272084001400280020001800294650001800312008004100330990001700371990001700388INLIS00000000000041220181023030015 a0010-10180001021 aSeri Pengenalan Komputer :bMatematika dengan Komputer /cArief Ramadhan; Penyunting, Khafid Ahmad0 aArief Ramadhan a- avi, 50 hlm. :bilus. ;c25 cm.0 aKhafid Ahmad aBogor :bCV Duta Grafika,c2007 a004 a004 ARI s a979-1447-09-6 aIlmu Komputer181023 0  a01537/P/2018 a01537/P/2018